1599 1765 1392 1289 1109 1624 1631 1438 1168 1588 1362 1108 1654 1720 1577 1316 1689 1655 1120 1689 1641 1969 1783 1023 1632 1346 1431 1028 1742 1241 1963 1495 1640 1733 1094 1991 1734 1006 1366 1468 1643 1992 1268 1159 1769 1329 1959 1382 1975 1359 1537 1804 1308 1789 1841 1672 1070 1557 1683 1349 1116 1182 1503 1674 1680 1547 1382 1488 1160 1366 1533 1483 1701 1943 1756 1836 1972 1948 1582 1952 1655 1479 1849 1729 1244 1009 1132 1381 1533 1217 1616 1161 1070 1061 1731 1916 1512 1424 1362 BCNSPRNW ULIB Ver.6.0+V

เปลี่ยนเป็นภาษาไทย

Change to English
 แสดงรายละเอียดบรรณานุกรม
  กลับหน้าหลัก

Brief Record : Get Marc (ISO 2709) : E-mail record : QR code < ปิดหน้าต่าง
LEADER : 00000nam 2200000uu 4500
001    13399107887
003     ULIB
008    110209s2550||||th 000 0 tha d
020    9789747291339
060 04 WZ100^bส918บ 2550
245 00 บันทึกน้ำใจ /^cโดย มูลนิธิสาธารณสุขกับการพัฒนา ...[และคนอื่นๆ]
250    พิมพ์ครั้งที่ 1
260    กรุงเทพฯ :^bมูลนิธิ,^c2550
300    192 หน้า :^bภาพประกอบ ;^c22 ซม.
500    จัดทำในดิถีครบรอบ 96 ปี ศ.นพ. เสม พริ้งพวงแก้ว 31 พฤษภาคมพ.ศ. 2550
600 07 เสม พริ้งพวงแก้ว,^d2454-
650  7 แพทย์^zไทย^xชีวประวัติ
710 2  มูลนิธิสาธารณสุขกับการพัฒนา
945    ^p0^l0^i021874
995    เกษร
999 ^a ใช้งานได้ทุกระบบ
รายการนี้ยังไม่มีแท็ก
คุณยังไม่ได้ล็อกอิน คุณสามารถมีกิจกรรมร่วมกับเว็บไซต์ได้ แต่ต้องล็อกอินก่อน ::
  ล็อกอิน

รายการสื่อสารสนเทศ

ลำดับที่ ประเภท เลขเรียก/บาร์โค้ด สถานที่ สถานะ
- ไม่พบข้อมูล -

BibComment


ยังไม่เคยถูกคอมเมนท์

คอมเมนท์ทรัพยากรรายการนี้
  คอมเมนท์: บันทึกน้ำใจ โดย ..


 Copyright 2026. Bcnsprnw @Library